Portrait of a Greek imagination : an ethnographic biography of Andreas Nenedakis
Αποθηκεύτηκε σε:
| Κύριος συγγραφέας: | |
|---|---|
| Μορφή: | Βιβλίο |
| Γλώσσα: | English |
| Δημοσίευση: |
Chicago :
University of Chicago Press,
c1997
|
| Θέματα: | |
| Ετικέτες: |
Προσθήκη ετικέτας
Δεν υπάρχουν, Καταχωρήστε ετικέτα πρώτοι!
|
MARC
| LEADER | 00000cam a2200000 i 4500 | ||
|---|---|---|---|
| 001 | 1/4515 | ||
| 008 | 100217s1997 eng d | ||
| 020 | |a 0-226-32910-0 (pbk.) | ||
| 035 | |l 10106806 | ||
| 040 | |a GR-MY-UA |b gre |e aacr | ||
| 041 | 0 | |a eng | |
| 082 | 0 | |a 928 |2 (22) | |
| 100 | 1 | |a Herzfeld, Michael, |d 1947- | |
| 245 | 1 | 0 | |a Portrait of a Greek imagination : |b an ethnographic biography of Andreas Nenedakis / |c Michael Herzfeld |
| 260 | |a Chicago : |b University of Chicago Press, |c c1997 | ||
| 300 | |a viii, 333 σ.; |b εικ.; |c 24 εκ. | ||
| 504 | |a Βιβλιογραφία: σ. 299-311 | ||
| 504 | |a Ευρετήριο: σ. 313-333 | ||
| 600 | 1 | 0 | |a Νενεδάκης, Ανδρέας, |d 1918-2006. |
| 650 | 0 | 0 | |a Authors, Greek (Modern) |y 20th century |x Biography. |
| 852 | |a INST |b LESVOS |e 20100217 |h 928 HER |p 005100046074 |q 005100046074 |t BK |y 0 | ||
| 901 | |a BIBL1-2010-1 | ||
| 909 | |a Λ |b 162726 | ||
| 970 | |a ΚΑΡΑ |b ΓΙΑΣΕΜΗ |z 2010/02/17 | ||